| 000 | 00672cam a22002297a 4500 | ||
|---|---|---|---|
| 001 | 001889 | ||
| 003 | armpunfd | ||
| 005 | 20140612090652.0 | ||
| 008 | 060327e0####xx#a##########000#0#und#d | ||
| 040 |
_aarmpunfd _carmpunfd |
||
| 080 | _a347.919.6 AM 70 | ||
| 245 | 1 | 0 | _aAmparo. habeas corpus. habeas data |
| 260 |
_a Uenos Aires : Direccion Nacional Del Registro Oficial _b2003. Isbn : 987-98017-5-X. 44 P. |
||
| 650 | 7 |
_a Amparo _2LEMB |
|
| 650 | 7 |
_a Habeas Corpus _2LEMB |
|
| 650 | 7 |
_a Habeas Data _2LEMB |
|
| 650 | 7 |
_a Ley 16.986 _2LEMB |
|
| 650 | 7 |
_a Ley 23.098 _2LEMB |
|
| 650 | 7 |
_a Ley 25.326 _2LEMB |
|
| 942 |
_cLB _2cdu |
||
| 945 |
_aCatalis _d2010-08-19 |
||
| 999 |
_c1880 _d232384 |
||